| 000 | 00507nam a2200181 a 4500 | ||
|---|---|---|---|
| 001 | 000036079 | ||
| 003 | DO-SdBNP | ||
| 005 | 20230201095418.0 | ||
| 007 | ta | ||
| 008 | 111129s1982 dr acg 000 0 spa d | ||
| 040 |
_aDO-SdBNP _cBNPHU _bspa |
||
| 082 | 4 |
_bG491e _222 |
|
| 100 | 1 |
_aGimbernard Pellerano, Jacinto Carlos, _d1931- _962112 |
|
| 245 | 1 | 0 | _aEducación músical. |
| 260 |
_aSanto Domingo : _bColegial Quisqueyana, _c1982. |
||
| 300 |
_a248 p. : _bil., retrs., mús. ; _c23 cm. |
||
| 942 |
_2ddc _cLBS1 |
||
| 999 |
_c35570 _d35570 |
||